Southville International School and Colleges
Your cart is empty.
  • Cart
  • Lists
    Public lists Eva Luna New books Lux_list list_1
    Your lists Log in to create your own lists
  • Log in to your account
  • Your cookies
  • Search history
Southville International School and Colleges
  • Advanced search
  • Recent comments
  • Most popular
  • Libraries

Log in to your account

Log in with GOOGLE


If you do not have an external account, but do have a local account, you can still log in:

  1. Home
  2. MARC view: Understanding culture, society and politics /
Normal view MARC view ISBD view

Understanding culture, society and politics / (Record no. 357859)

[ view plain ]
MARC details
000 -LEADER
fixed length control field 00842nam a2200277Ia 4500
008 - FIXED-LENGTH DATA ELEMENTS--GENERAL INFORMATION
fixed length control field 180523s9999 xx 000 0 und d
020 ## - INTERNATIONAL STANDARD BOOK NUMBER
International Standard Book Number 978-621415-055-7
050 ## - LIBRARY OF CONGRESS CALL NUMBER
Classification number FIL HM 623
050 ## - LIBRARY OF CONGRESS CALL NUMBER
Item number .B47 2016
100 ## - MAIN ENTRY--PERSONAL NAME
Personal name Bernardo, Juanito Philip V., Jr.
245 #0 - TITLE STATEMENT
Title Understanding culture, society and politics /
245 #0 - TITLE STATEMENT
Statement of responsibility, etc Juanito Philip V. Bernardo, Jr.
260 ## - PUBLICATION, DISTRIBUTION, ETC. (IMPRINT)
Place of publication, distribution, etc Philippines :
260 ## - PUBLICATION, DISTRIBUTION, ETC. (IMPRINT)
Name of publisher, distributor, etc JFS Publishing,
260 ## - PUBLICATION, DISTRIBUTION, ETC. (IMPRINT)
Date of publication, distribution, etc 2016
300 ## - PHYSICAL DESCRIPTION
Extent 135 pages :
300 ## - PHYSICAL DESCRIPTION
Other physical details illustrations ;
300 ## - PHYSICAL DESCRIPTION
Dimensions 26 cm.
500 ## - GENERAL NOTE
General note Includes bibliographical references.
650 ## - SUBJECT ADDED ENTRY--TOPICAL TERM
Topical term or geographic name as entry element Culture -- Philippines -- Social aspects.
650 ## - SUBJECT ADDED ENTRY--TOPICAL TERM
Topical term or geographic name as entry element Philippines -- social life and customs.
650 ## - SUBJECT ADDED ENTRY--TOPICAL TERM
Topical term or geographic name as entry element Sociology.
650 ## - SUBJECT ADDED ENTRY--TOPICAL TERM
General subdivision Philippines -- Politics and government.
650 ## - SUBJECT ADDED ENTRY--TOPICAL TERM
General subdivision Social sciences.
650 ## - SUBJECT ADDED ENTRY--TOPICAL TERM
General subdivision Society and culture.
Holdings
Withdrawn status Lost status Damaged status Home library Current library Shelving location Date acquired Cost, normal purchase price Total Checkouts Full call number Barcode Date last seen Price effective from Koha item type
      South Mansfield College South Mansfield College Filipiniana Section 02/16/2017 394.20   FIL HM 623 .B47 2016 SMC06114 05/23/2018 05/23/2018 Books

Understanding culture, society and politics /

APA

Bernardo J. P. V. J., .Understanding culture, society and politics. Philippines: .

Chicago

Bernardo Juanito Philip V Jr, .Understanding culture, society and politics. Philippines: .

Harvard

Bernardo J. P. V. J., .Understanding culture, society and politics. Philippines: .

MLA

Bernardo Juanito Philip V Jr, .Philippines: . .

  • Place hold
  • Print
  • Cite
  • Add to your cart (remove)
  • Save record
    BIBTEX Dublin Core MARCXML MARC (non-Unicode/MARC-8) MARC (Unicode/UTF-8) MARC (Unicode/UTF-8, Standard) MODS (XML) RIS
  • More searches
    Search for this title in:
    Other Libraries (WorldCat) Other Databases (Google Scholar) Online Stores (Bookfinder.com) Open Library (openlibrary.org)

Exporting to Dublin Core...

SOUTHVILLE LIBRARY

Southville International School and Colleges Library

1281 Tropical Ave. Cor. Luxembourg St., BF Homes International, Las Pinas City

Tel. No. 8256374 / 252358 Loc. 117/146

Powered by Koha